000 00710nam a2200217Ii 4500
003 JO-AjNU
008 230605s9999||||xx |||||||||||||| ||und||
017 _a2005/8/2093
040 _aJO-AjNU
_bara
_erda
_cJO-AjNU
041 _aara
050 1 4 _aRS160.J32 2006
100 3 _aجبر ، ريم محمود,
_eauthor
_918330
245 0 0 _aالوجيز في علم العقاقير والنباتات الطبية
250 _aط1
264 3 1 _aعماان:مكتبة المجتمع العربي ، 2006
300 _a278ص
336 _atext
_btxt
_2rdacontent
337 _aunmediated
_bn
_2rdamedia
338 _avolume
_bnc
_2rdacarrier
650 4 _aالادوية - النباتات الطبية
_918331
999 _aA5842
_c9410
_d9410